Rubber usage to increase 4.1;yearly through 2013 (Record no. 68106)

MARC details
000 -LEADER
fixed length control field 00286nam a2200109Ia 4500
245 #0 - TITLE STATEMENT
Title Rubber usage to increase 4.1;yearly through 2013
260 ## - PUBLICATION, DISTRIBUTION, ETC. (IMPRINT)
Name of publisher Rubber World
Year of publication 2010
300 ## - PHYSICAL DESCRIPTION
Number of Pages 9
650 ## - SUBJECT ADDED ENTRY--TOPICAL TERM
Topical Term World rubber consumption
942 ## - ADDED ENTRY ELEMENTS (KOHA)
Koha item type Journals
Holdings
Withdrawn status Lost status Damaged status Not for loan Home library Current library Date acquired Serial Enumeration / chronology Koha item type
      Journals RRII Library RRII Library 26/05/2010 Volume 241, Issue 5 Journals